00960cam a22002652 450000100060000000300080000600500170001400800410003103500510007204000410012304100080016408200210017210000290019324500670022226000580028930000310034749000270037850400410040565000270044683000170047383000290049094200120051999900170053195201460054810174BD-RjUL20211208234915.0140123s1964 nyua b 001 0 eng d aOCLC ocm02008221 from D971022Ma(BD-RjUL)10222 aDLC/ICUcCGUdDLCdUKMdBD-RjULbeng aeng00a668.42bSCC 19641 aSchnell, Hermann.93141210aChemistry and physics of polycarbonates /cby Hermann Schnell. alondon; aNew York :bInterscience Publishers,c1964. axi, 225 p.billus.c24 cm.1 aPolymer reviews,vv. 9 aIncludes bibliographical references. 0aPolycarbonates.931413 0vv. 9.941832 0aPolymer reviews ;941833 2ddccBK c10174d10174 00102ddc40718NFICaRUCLbRUCLcReadingd1966-05-13emerze book agencyg3.75l0o668.42 SCC 1964r2014-01-23 00:00:00tC-1w2014-01-23yBK